00305nam a22001097a 4500082002700000100002400027245004000051260004100091300001800132526003700150650000800187 a954.5bPRIcL-28, P-43 aL. F. Loveday Prior aPunjab PreludecL. F. Loveday Prior aLondonbJohn Murray (Publishers) Ltd axii, 218 P, : a0b0c0d954_500000000000000_PRI aMCE